Geography Quiz

Random Geography or City Quiz

20 City Snapshot Quiz Stats

 Plays Quiz Updated Jul 13, 2017

Support Sporcle.
Go Orange.
Score 0/20 Timer 04:00
2 Plays Today
% Correct
1. London
99.3%
2. Paris
98.6%
7. Amsterdam
89.9%
4. Brussels
87.8%
5. Birmingham
62.9%
9. Rotterdam
58.1%
3. Hamburg
54.9%
6. Köln
52.9%
8. Frankfurt
50.3%
17. Antwerp
44.5%
% Correct
20. Zürich
42.8%
15. The Hague
40.1%
11. Düsseldorf
39.1%
19. Bristol
31.6%
10. Stuttgart
29.6%
13. Dortmund
28.1%
12. Essen
26.6%
14. Bremen
19.5%
16. Hanover
15.9%
18. Duisburg
7.7%

You're not logged in!

Compare scores with friends on all Sporcle quizzes.
OR
Log In
Forgot?

From the Vault

Sportswomen by Image

by BookishGirl98

Thanks for reminding us we haven't been outside in so long.
Remove Ads.
Support Sporcle.
Get the best of Sporcle when you Go Orange. This ad-free experience offers more features, more stats, and more fun while also helping to support Sporcle. Thank you for becoming a member.

Show Comments

Extras

Top Quizzes Today


Score Distribution

Your Account Isn't Verified!

In order to create a playlist on Sporcle, you need to verify the email address you used during registration. Go to your Sporcle Settings to finish the process.

Report this User

Report this user for behavior that violates our Community Guidelines.

Details: